Normal view
MARC view
- Gorky, Maxim
Entry Personal Name
001 - CONTROL NUMBER
- control field: 5397
003 - CONTROL NUMBER IDENTIFIER
- control field: OSt
005 - DATE AND TIME OF LATEST TRANSACTION
- control field: 20230224120347.0
008 - FIXED-LENGTH DATA ELEMENTS
- fixed length control field: 230224|| aca||aabn | a|a d
040 ## - CATALOGING SOURCE
- Original cataloging agency: OSt
- Transcribing agency: OSt
100 ## - HEADING--PERSONAL NAME
- Personal name: Gorky, Maxim
- Personal name: ഗോർക്കി , മാക്സിം
670 ## - SOURCE DATA FOUND
- Source citation: Work cat.: (OSt)17625: Gorky, Maxim ഗോർക്കി , മാക്സിം , Pedichupoya manushyan, 2023
